Normal view
MARC view
Entry Personal Name
001 - CONTROL NUMBER
- control field: 742811
003 - CONTROL NUMBER IDENTIFIER
- control field:
005 - DATE AND TIME OF LATEST TRANSACTION
- control field: 20210627045826.0
008 - FIXED-LENGTH DATA ELEMENTS
- fixed length control field: 210627|| aca||aabn | a|a d
040 ## - CATALOGING SOURCE
- Original cataloging agency:
- Transcribing agency:
100 ## - HEADING--PERSONAL NAME
- Personal name: कटोतिया¸ मोहनलाल 'दादाजी',
- Dates associated with a name: 1899-
670 ## - SOURCE DATA FOUND
- Source citation: Work cat.: ()616793: 880-01 कटोतिया¸ मोहनलाल 'दादाजी', 1899-, सूर्य-किरण-चिकित्सा अथवा रंग-चिकित्सा /, 1989
